Sermon fúnebre predicado en la santa iglesia catedral de Méjico el dia 26 de enero de 1821 en el aniversario de los venerables sacerdotes por el M. R. P. Dr. y Mtrô Fr. Francisco Rojas y Andrade, examinador sinodal de este arzobispado, y del obispado de Puebla, prior provincial de la de Santiago de Predicadores, quien lo dedica á los ilustres bienhechores de este sufragio

Detalles Bibliográficos
Autor principal: Rojas y Andrade, Francisco
Formato: Libro
Lenguaje:Spanish
Publicado: Méjico 1821
Materias:
Colección:Banco de datos
Acervo:Biblioteca de la Congregación del Oratorio de San Felipe Neri de México. Iglesia La Profesa
Descripción Física:[4] h., 19 p. 4°
Tema general:Homilética
Notas:Portada tipográfica con pleca en grabado xilográfico. Texto a renglón seguido con notas a pie de página. Incluye capitular en grabado xilográfico. Encuadernación en piel sobre cartón
LEADER 01087nam a22001810004500
035 |a 3322 
041 0 |a spa 
100 1 |a Rojas y Andrade, Francisco 
245 1 0 |a Sermon fúnebre predicado en la santa iglesia catedral de Méjico el dia 26 de enero de 1821 en el aniversario de los venerables sacerdotes por el M. R. P. Dr. y Mtrô Fr. Francisco Rojas y Andrade, examinador sinodal de este arzobispado, y del obispado de Puebla, prior provincial de la de Santiago de Predicadores, quien lo dedica á los ilustres bienhechores de este sufragio 
260 |a Méjico  |b en la oficina de D. Alejandro Valdés  |c 1821 
300 |a [4] h., 19 p.  |c 4° 
500 |a Portada tipográfica con pleca en grabado xilográfico. Texto a renglón seguido con notas a pie de página. Incluye capitular en grabado xilográfico. Encuadernación en piel sobre cartón 
501 |a 23 obras 
650 1 0 |a Homilética 
949 |a Iglesia La Profesa, Biblioteca 7173-T 
942 |c PROFESA 
943 |g Biblioteca de la Congregación del Oratorio de San Felipe Neri de México. Iglesia La Profesa 
999 |c 950133  |d 950133